Twentieth-century culture : modernism to deconstruction /

Bibliographic Details
Main Author: Cantor, Norman F.
Other Authors: Cantor, Mindy
Format: Book
Language:English
Published: New York : P. Lang, 1988.
Subjects:

MARC

Tag First Indicator Second Indicator Subfields
LEADER 00000cam a22000008a 4500
001 in00000035275
005 20151007055342.0
008 870707s1988 nyuaf b 00010 eng
010 |a  87017024  
020 |a 082040358X :  |c $57.00 
035 |a (OCoLC)16277832 
035 |9 AAB7982AM 
040 |a DLC  |c DLC  |d TXA  |d UtOrBLW 
049 |a TXAM  |c [A11115441] 
050 0 0 |a CB425  |b .C28 1988 
082 0 |a 909.82  |2 19 
100 1 |a Cantor, Norman F. 
245 1 0 |a Twentieth-century culture :  |b modernism to deconstruction /  |c Norman F. Cantor. 
263 |a 8806 
264 1 |a New York :  |b P. Lang,  |c 1988. 
300 |a xx, 452 pages, 14 unnumbered pages of plates :  |b illustrations (some color) 
336 |a text  |b txt  |2 rdacontent 
337 |a unmediated  |b n  |2 rdamedia 
338 |a volume  |b nc  |2 rdacarrier 
500 |a "Picture essays selected and edited by Mindy Cantor."--Jacket. 
504 |a Bibliography: pages [419]-427. 
500 |a Includes index. 
650 0 |a Civilization, Modern  |y 20th century. 
650 0 |a Modernism (Art) 
650 0 |a Modernism (Literature) 
700 1 |a Cantor, Mindy. 
740 0 |a 20th-century culture. 
999 |a MARS 
999 f f |s 5c527dc4-fec7-3924-b28c-5687199f3b22  |i 1e0656a9-d2b8-3a87-a2f1-0a1ec9b2161b  |t 0 
952 f f |p ric  |a Texas A&M University  |b Rellis Campus  |c Joint Library Facility  |d Remote Storage  |t 0  |e CB425 .C28 1988  |h Library of Congress classification  |i unmediated -- volume  |m A14811115441 
998 f f |a CB425 .C28 1988  |t 0  |l Remote Storage